U.K. General Knowledge MC #5 - Statistics

General Stats
  • This quiz has been taken 1,001 times
    43 since last reset
  • The average score is 9 of 15
Answer Stats
Question Answer % Correct
What is the usual earliest age you can drive a car in the U.K.? 17
92%
The Royal Air Force Aerobatic Team is more commonly known as what? The Red Arrows
82%
Why did people run away to Gretna Green ? To get married
79%
The Grand National horse race is held at which racecourse ? Aintree
77%
The "Ceremony of the Keys" is performed each evening in which famous London landmark ? Tower of London
74%
Harland and Wolff are famous for what ? Building the Titanic
67%
In 1985, the charity event, Live Aid, was held simultaneously at Wembley Stadium in London and in which US city ? Philadelphia
67%
What is the collective name for the rivalry between Glasgow's two main football clubs (Celtic and Rangers) ? The Old Firm
64%
Hunter, Imp, and Minx car models were made by which manufacterer? Hillman
59%
What is Laverbread ? Cooked Seaweed
56%
"Semper Fidelis" is the motto of the US Marine Corps, but which U.K. city has used this motto since 1588 ? Exeter
54%
There are how many UNESCO heritage sites in the U.K. and its overseas territories? 31
41%
In miles, how long is the border with the Republic of Ireland ? 224
33%
During which Emperor's reign was the first Roman invasion ? Caesar
33%
After English what is the most spoken language in the U.K. ? Welsh
5%
No matching quizzes found
Score Distribution
Percent of People with Each Score
Percentile by Number Answered
Your Score History
You have not taken this quiz since the last reset